| 000 | 01485cab a22003255a 4500 | ||
|---|---|---|---|
| 001 | L143045 | ||
| 008 | 080215s2008 xxkad f v 000 0 eng d | ||
| 035 | _a(Sirsi) u143045 | ||
| 041 | 0 | _aeng | |
| 100 | 1 | _aBrown, Peter | |
| 245 | 0 | 0 |
_aValuation of leisure property for rating _bthe receipts and expenditure approach |
| 260 | _c2008 | ||
| 490 | 0 |
_aJournal of Retail and Leisure Property _v7(1), 2008, 53-67(15) |
|
| 520 | _aReviews the development and application of the receipts and expenditure approach to the valuation of leisure property for non-domestic rating purposes. Details the approach. Highlights some of the key issues in applying this method. Reviews selected Lands Tribunal decisions in this area. | ||
| 650 | 2 | 4 | _aUNDERDOWN (VO) V CLACTON PIER CO LTD AND CLACTON UDC |
| 650 | 2 | 4 | _aBRUNNING AND PRICE LTD V COWELL (VO) |
| 650 | 2 | 4 | _aCLOCKFAIR LTD V HARRINGTON (VO) |
| 650 | 2 | 4 | _aEASTBOURNE BC AND ANOTHER V ALLEN (VO) |
| 650 | 2 | 4 | _aFELGATE (VO) V LOTUS LEISURE ENTERPRISES |
| 650 | 2 | 4 | _aGALGATE CRICKET CLUB V DOYLE (VO) |
| 650 | 2 | 4 | _aGODFREY V SIM (VO) |
| 650 | 2 | 4 | _aMARTIN AND OTHERS V HEWITT (VO) |
| 650 | 2 | 4 | _aOADES AND ANOTHER V EKE (VO) |
| 650 | 2 | 4 | _aRUDD (VO) V CINDERELLA ROCKERFELLAS LTD |
| 650 | 2 | 4 | _aUNITED SERVICES AND SERVICES RENDERED CLUB (TOOTING AND BALHAM) LTD AND THE PUTNEY CLUB V THORNELEY (VO) |
| 650 | 2 | 4 | _aWITHERS AND DALLING(VO) |
| 651 | 4 | _aEurope | |
| 690 | _aPROPERTY-PROPERTY APPRAISAL AND VALUATION | ||
| 942 | _n0 | ||
| 999 |
_c80038 _d80038 |
||